header

Founding the year (Record no. 38638)

MARC details
000 -LEADER
fixed length control field 01709nam a2200421 a 4500
082 04 - DEWEY DECIMAL CLASSIFICATION NUMBER
Classification number 871/.01
100 1# - MAIN ENTRY--AUTHOR NAME
Personal name Pasco-Pranger, Molly.
245 10 - TITLE STATEMENT
Title Founding the year
260 ## - PUBLICATION, DISTRIBUTION, ETC. (IMPRINT)
Place of publication Leiden ;
-- Boston :
Name of publisher Brill,
Year of publication 2006.
300 ## - PHYSICAL DESCRIPTION
Number of Pages 326, [4] p. of plates :
Other physical details ill.
490 1# - SERIES STATEMENT
Series statement Mnemosyne supplements,
650 #0 - SUBJECT ADDED ENTRY--TOPICAL TERM
Topical Term Didactic poetry, Latin
Topical Term Literature and society
Topical Term Fasts and feasts in literature.
Topical Term Calendar in literature.
Topical Term Time in literature.
856 40 - ELECTRONIC LOCATION AND ACCESS
Uniform Resource Identifier http://site.ebrary.com/lib/rucke/Doc?id=10234992

No items available.

© 2026 Rongo University
Contact us: librarian | system librarian | Rongo university